logo

Bir Sreshtho Munshi Abdur Rouf Library
Jhenaidah Cadet College

Vibrations and Waves / (Record no. 2053)

MARC details
000 -LEADER
fixed length control field 00551nam a2200217 a 4500
001 - CONTROL NUMBER
JCCL Control Number 2053
003 - CONTROL NUMBER IDENTIFIER
JCCL marc code BD-JhCC
005 - DATE AND TIME OF LATEST TRANSACTION
control field 20180306131404.0
008 - FIXED-LENGTH DATA ELEMENTS--GENERAL INFORMATION
fixed length control field 171029s1987 ii a|||| || | 001 0 eng d
035 ## - SYSTEM CONTROL NUMBER
system control number (BD-JhCC)2053
040 ## - CATALOGING SOURCE
Original cataloging agency BD-JhCC
Modifying agency BD-JhCC
041 ## - LANGUAGE CODE
Language code of Book eng
082 ## - DEWEY DECIMAL CLASSIFICATION NUMBER
Classification number 531.1133
Author mark and Year FRE 1987
100 ## - MAIN ENTRY--PERSONAL NAME
Personal name French, A. P.
245 ## - TITLE STATEMENT
Title Vibrations and Waves /
Statement of responsibility, etc A. P. French,
260 ## - PUBLICATION, DISTRIBUTION, ETC. (IMPRINT)
Place of publication, distribution, etc India :
Name of publisher, distributor, etc CBS Publishers $ Distributors,
Date of publication, distribution, etc 1987
300 ## - PHYSICAL DESCRIPTION
Pagination 316 p. :
Dimensions 24 cm.
650 ## - SUBJECT ADDED ENTRY--TOPICAL TERM
Topical term or geographic name as entry element Vibration
General subdivision Waves
942 ## - ADDED ENTRY ELEMENTS (KOHA)
Source of classification or shelving scheme Dewey Decimal Classification
Koha item type Books
Holdings
Source of classification or shelving scheme Damaged status Not for loan Home library Current library Shelving location Date of accession Total Checkouts Full call number Barcode Date last seen Copy number Koha item type
Dewey Decimal Classification     JCC Rouf Library JCC Rouf Library General Stacks 03/06/2018   531.1133 FRE 1987 3354 10/29/2017 C-1 Books

JCC Library | Contacts | JCC Home

Last Update on 23 September 2017
Copyright @ 2017-2020 JCC Rouf Library
Rouf Library, Jhenidah Cadet College (JCC), Bangladesh